000 00859nam0a22002531 4500
001 rc\1168946
005 20250622205245.0
035 _a(NLR Aleph) 006412316
090 _a5359521
_c5359521
100 _a20041129d1980 |||y0rusy50 ca
101 0 _arus
102 _aRU
105 _aa |||||||||
200 1 _aТяжелоионные ускорители
_e[Сб. статей
_fГл. ред. В.К. Слока]
210 _aМ.
_cРИАН СССР
_d1980
215 _a169 с., 1 л. табл.
_cил.
_d22
225 1 _aТруды Радиотехнического института
_fАН СССР
_v№ 36
320 _aБиблиогр. в конце статей
702 1 _aСлока
_bВ.К.
_gВиктор Карлович
_4340
801 0 _aRU
_bNLR
_gpsbo
801 1 _aRU
_bELAR
_2rusmarc
852 _aNLR
_jП10/3833
942 _cBOOK
980 _aNB